000 00852nam a2200277 i 4500
003 DO-SdBNP
005 20250408140351.0
007 ta
008 250408b2024 dr ||||| |||| 00| f spa d
020 _a9789945654738
040 _aDO-SdBNP
_bspa
_cBNPHU
_erda
041 _aspa
082 4 _a0
_bL579g
_222
100 _aDe León Rafael, Gumercindo
_d1954-
_eautor
_4aut.
_987211
245 1 3 _aLa guajirita /
_cGumercindo De León Rafael.
250 _aPrimera edición
264 _aSanto Domingo :
_bEditorial Santuario,
_c2024.
300 _a147 páginas ;
_c23 cm.
336 _ardacontent
_btexto
_2txt
337 _asin mediación
_bn
_2rdamedia
338 _avolumen
_bnc
_2rdacarrier
500 _aIncluye datos biográficos del autor en la solapa de la cubierta.
590 _aInventariado, 2025 /LP
910 _aLP
942 _2ddc
_cLBS1
999 _c58436
_d58436